000 00353nam a22001457a 4500
003 OSt
008 250716b |||||||| |||| 00| 0 eng d
020 _a9789393285775
082 _a891.431032
_bD22K
100 _aShyamsundar Das
245 _aKabir Granthawali
260 _aNew Delhi
_bShivank Prakashan
_c2025
300 _avii,312p
942 _2ddc
_cHB
999 _c48463
_d48463